| 000 | 00508nam a22001337a 4500 | ||
|---|---|---|---|
| 008 | 230331b |||||||| |||| 00| 0 eng d | ||
| 040 |
_aNational Science Library _cNational Science Library |
||
| 080 |
_aD 778.1(082.2) _bK2 |
||
| 245 |
_aProceedings of the 1st annual conference held at Olympia , London on 4th Octobers 1962 _c/ Institute of Reprographic Technology |
||
| 260 |
_aLondon: _bInstitute of Reprographic Technology, _c1962 |
||
| 300 | _a23p. | ||
| 650 | _aInformation technology | ||
| 942 |
_2udc _cPR |
||
| 999 |
_c17395 _d17395 |
||